1418 1996 1539 1508 1201 1816 1603 1982 1228 1028 1714 1447 1093 1676 1750 1250 1901 1718 1865 1529 1952 1415 1410 1072 1033 1964 1540 1835 1099 1254 1486 1017 1752 1826 1962 1682 1701 1468 1493 1749 1642 1273 1123 1815 1619 1072 1574 1492 1826 1942 1673 1699 1720 1484 1708 1739 1946 1530 1121 1291 1413 1845 1453 1313 1655 1065 1879 1701 1932 1812 1417 1988 1564 1431 1862 1425 1085 1263 1607 1817 1832 1589 1646 1310 1475 1216 1673 1255 1721 1922 1408 1859 1616 1032 1698 1484 1732 1240 1363 BCNSPRNW ULIB Ver.6.0+V

เปลี่ยนเป็นภาษาไทย

Change to English
 แสดงรายละเอียดบรรณานุกรม
  กลับหน้าหลัก

Brief Record : Get Marc (ISO 2709) : E-mail record : QR code < ปิดหน้าต่าง
LEADER : 00000nam 2200000uu 4500
001    13399108754
003     ULIB
008    110314s2541||||th 000 0 tha d
020    9745659622
060  4 WY152.5^bพ654ก 2541
100 0  พิกุล บุญช่วง
245 00 การพยาบาลผู้ป่วยภาวะหัวใจล้มเหลว^cพิกุล บุญช่วง
250    พิมพ์ครั้งที่ 2
260    เชียงใหม่:^bโครงการตำรา คณะพยาบาลศาสตร์ มหาวิทยาลัยเชียงใหม่,^c2541
300    181 หน้า : ^bภาพประกอบ.
650  7 ภาวะหัวใจล้มเหลว^xการพยาบาล
650  7 การพยาบาลผู้ป่วยภาวะหัวใจล้มเหลว
945    ^p140^l0^i015642
995    เกษร
999 ^a ใช้งานได้ทุกระบบ
รายการนี้ยังไม่มีแท็ก
คุณยังไม่ได้ล็อกอิน คุณสามารถมีกิจกรรมร่วมกับเว็บไซต์ได้ แต่ต้องล็อกอินก่อน ::
  ล็อกอิน

รายการสื่อสารสนเทศ

ลำดับที่ ประเภท เลขเรียก/บาร์โค้ด สถานที่ สถานะ
- ไม่พบข้อมูล -

รายการใกล้เคียง
    หัวเรื่อง [การพยาบาลผู้ป่วยภาวะหัวใจล้มเหลว]

BibComment


ยังไม่เคยถูกคอมเมนท์

คอมเมนท์ทรัพยากรรายการนี้
  คอมเมนท์: การพยาบาลผู้ป่วยภ..


 Copyright 2026. Bcnsprnw @Library